| 000 | 01133nac a22002891i 4500 | ||
|---|---|---|---|
| 003 | EG-ScBUE | ||
| 005 | 20250526104943.0 | ||
| 008 | 250415r20052004e a f b 001 0 eng d | ||
| 020 | _a0521829607 | ||
| 020 | _a9780521829601 | ||
| 040 |
_aEG-ScBUE _beng _erda _cEG-ScBUE _dEG-ScBUE |
||
| 082 | 0 | 4 |
_a530.15 _bSZE _222 |
| 100 | 1 |
_aSzekeres, Peter, _eauthor. |
|
| 245 | 1 | 2 |
_aA course in modern mathematical physics : _bgroups, Hilbert space, and differential geometry / _cPeter Szekeres, formerly of University of Adelaide. |
| 250 | _aReprint edition. | ||
| 264 | 1 |
_aCambridge, UK : _bCambridge University Press, _c2005. |
|
| 300 |
_axiii, 600 pages : _billustrations ; _c26 cm |
||
| 336 |
_2rdacontent _atext _btxt |
||
| 337 |
_aunmediated _2rdamedia _bn |
||
| 338 |
_avolume _bnc _2rdacarrier |
||
| 504 | _aIncludes bibliographical references and index. | ||
| 650 | 7 |
_aMathematical physics. _2BUEsh |
|
| 655 | _vReading book | ||
| 856 | 4 | 1 |
_3Table of contents _uhttp://www.loc.gov/catdir/toc/cam041/2004045675.html |
| 856 | 4 | 1 |
_3Publisher description _uhttp://www.loc.gov/catdir/description/cam041/2004045675.html |
| 942 |
_cBB _2ddc |
||
| 999 |
_c1365 _d1365 |
||